00690 2200229 4500001002100000005001500021035002000036007000300056008004100059020002200100082000800122084001400130100002500144245010900169250001000278260004500288300002800333650002700361504005000388990001100438990001100449INLIS00000000000432820191025024202 a0010-1019000180ta191025 g 0 ind  a978-602-1220-08-5 a301 a301 AGU i0 aAGUS, Maladi Irianto1 aInteraksionisme Simbolik :bPendekatan antropologis merespons fenomena keseharian /cAgus Maladi Irianto acet.1 aSemarang :bGigih Pustaka Mandiri,c2017 axiv, 138 hlm. ;c23 cm. 4aSOSIOLOGI. ANTROPOLOGI aBibliografi: hlm.127-134; Indeks: hlm.135-138 a7082 a a7082 b